000 00541cam a22002053a 4500
001 38698
003 PGUSA
005 20140828083843.0
008 120128s2012||||xxu|||||s|||||000 | eng d
040 _aPGUSA
_beng
042 _adc
100 1 _aJolanda
245 1 0 _aDal mio verziere
_h[electronic resource] /
_cJolanda
260 _bProject Gutenberg,
_c2012
506 _aPublic domain in the USA.
516 _aElectronic text
830 0 _aProject Gutenberg
_v38698
856 4 0 _uhttp://www.gutenberg.org/ebooks/38698
942 _cEB
999 _c267952
_d267952